LEADER 02631nam a2200349 i 4500 001 000000360280 003 CaOOAMICUS 005 20241014084623.0 008 241014s2024 sz u000 u ger u 020 $a978-3-7965-5134-5$q(Schwabe) 020 $a978-3-429-06715-1$q(Echter) 040 $aSeMil$bita 041 0 $ager 100 1 $aZimmermann, Markus,$d<1961- >.$0(OLS)http://semarc/name/119353 245 10$aEntscheidungen in Grenzsituationen :$bMedizin- und Gesundheitsethik in theologischer Perspektive /$cMarkus Zimmermann. 264 1$aBasel :$bSchwabe ;$aWürzburg :$bEchter,$c2024. 300 $a458 p. ;$c23 cm 490 1 $aStudien zur theologischen Ethik ;$v167 520 0 $aDer medizinisch-technische Fortschritt bringt neue Handlungsmöglichkeiten mit sich, die sowohl in der klinischen Versorgung als auch auf organisations- und gesundheitspolitischer Ebene den alltäglichen Entscheidungsdruck verstärken. Entscheidungen in Grenzsituationen, existenzielle wie gerechtigkeitsrelevante Herausforderungen stehen daher im Zentrum der Beiträge. In theologisch-ethischer Perspektive werden grundlegende Fragen und Herangehensweisen erörtert, schwierige Entscheidungen in der Gesundheitsversorgung, am Lebensbeginn sowie am Lebensende erwogen und ethische Orientierung geboten. Dabei wird deutlich, dass heute sowohl die Idee der Machbarkeit als auch der Umgang mit dem gesellschaftlichen Pluralismus an Grenzen stößt: Eine ethische Streitkultur mit guten Argumenten erweist sich daher als genauso nötig wie die Anerkennung der condition humaine - dies nicht zuletzt mit Blick auf eine zeitgemäße Lebens- und Sterbekunst 650 4$aEtica e medicina.$0(OLS)http://semarc/subject/32034 650 4$aEtica medica.$0(OLS)http://semarc/subject/20477 650 4$aEutanasia - Aspetti etico-morali.$0(OLS)http://semarc/subject/50206 650 4$aSuicidio assistito.$0(OLS)http://semarc/subject/51990 830 0$aStudien zur theologischen Ethik ;$v167.$0(OLS)http://semarc/title/60536 850 $aSeMil 852 $aSeMil$W1$xVenegono$y1$m2IA E 167$j251583$B251306$CSeMilBibl$Z2$F251306 $81 996 $6020$a978-3-7965-5134-5$q(Schwabe)$9(OLS)http://semarc/number/301510 996 $6020$a978-3-429-06715-1$q(Echter)$9(OLS)http://semarc/number/301511 996 $6245$aEntscheidungen in Grenzsituationen :$bMedizin- und Gesundheitsethik in theologischer Perspektive$9(OLS)http://semarc/title/450760 996 $6264$aBasel :$bSchwabe$9(OLS)http://semarc/publisher/29722 996 $6264$aWürzburg :$bEchter$9(OLS)http://semarc/publisher/29704 LEADER 02011nam a2200373 i 4500 001 000000048978 003 CaOOAMICUS 005 20131114000000.0 008 131114s1996 xx u000 u ger u 013 $a20148 020 $a3-451-02162-5 040 $aSeMil$bita 245 14$aDas Kreuz im Widerspruch :$bder Kruzifix-Beschluss des Bundesverfassungsgerichts in der Kontroverse /$cAlexander Hollerbach ... [et al.] ; hrsg. von Hans Maier. 260 $aFreiburg ; Basel ; Wien :$bHerder,$c1996. 300 $a157 p. ;$c22 cm. 490 0 $aQuaestiones disputatae ;$v162 650 4$aTeologia della croce.$0(OLS)http://semarc/subject/4792 700 1 $aMaier, Hans.$0(OLS)http://semarc/name/21375 700 1 $aHollerbach, Alexander,$d<1931-2020>.$0(OLS)http://semarc/name/24267 774 0 $aIsensee, Josef$tBildersturm durch Grundrechtsinterpretation.$w()295668 774 0 $aHollerbach, Alexander <1931-2020>$tStaat ist kein Neutrum.$w()295672 774 0 $aZiegler, Walter$tKampf um die Schulkreuze im Dritten Reich.$w()295674 774 0 $aMaier, Hans$tGeschichtsblind und schulfremd.$w()295675 774 0 $aGabriel, Karl$tReligion und Gesellschaft auf dem Prüfstand.$w()295676 774 0 $aSöding, Thomas <1956- >$tLernen unter dem Kreuz-Neutestamentliche Lektionen.$w()295677 774 0 $aLehmann, Karl $tKreuz als Herausforderung.$w()295678 774 0 $aLohse, Eduard <1924-2015>$tStat crux dum volvitur orbis.$w()295679 830 0$aQuaestiones disputatae ;$v162.$0(OLS)http://semarc/title/436628 850 $aSeMil 852 $aSeMil$W1$xVenegono$y1$m2M I 514$j15133$B15133$CSeMilBibl$Z2$F15133 $81 961 $aAcquisto: Casa editrice 996 $6020$a3-451-02162-5$9(OLS)http://semarc/number/22256 996 $6245$aDas Kreuz im Widerspruch :$bder Kruzifix-Beschluss des Bundesverfassungsgerichts in der Kontroverse$9(OLS)http://semarc/title/74283 996 $6260$aFreiburg ; Basel ; Wien :$bHerder$9(OLS)http://semarc/publisher/29643